Heat transfer (Record no. 3641)

000 -LEADER
fixed length control field 00564nam a2200229 a 4500
001 - CONTROL NUMBER
control field 3641
003 - CONTROL NUMBER IDENTIFIER
control field BD-DhUET
008 - FIXED-LENGTH DATA ELEMENTS--GENERAL INFORMATION
fixed length control field 960506s1997 nyua b 001 0 eng
020 ## - INTERNATIONAL STANDARD BOOK NUMBER
International Standard Book Number 0071143203
020 ## - INTERNATIONAL STANDARD BOOK NUMBER
International Standard Book Number 0078447852
040 ## - CATALOGING SOURCE
Original cataloging agency DLC
Transcribing agency DLC
Modifying agency BD-DhUET
082 00 - DEWEY DECIMAL CLASSIFICATION NUMBER
Classification number 621.011
Item number HOL/1997
100 1# - MAIN ENTRY--PERSONAL NAME
Personal name Holman, J. P.
245 10 - TITLE STATEMENT
Title Heat transfer
250 ## - EDITION STATEMENT
Edition statement 8th ed.
260 ## - PUBLICATION, DISTRIBUTION, ETC. (IMPRINT)
Place of publication, distribution, etc. New York
Name of publisher, distributor, etc. McGraw-Hill
Date of publication, distribution, etc. 1997
300 ## - PHYSICAL DESCRIPTION
Extent xviii, 696 p.
Other physical details ill.
490 ## - SERIES STATEMENT
Series statement Schaum's outline series
504 ## - BIBLIOGRAPHY, ETC. NOTE
Bibliography, etc Includes bibliographies
650 #0 - SUBJECT ADDED ENTRY--TOPICAL TERM
Topical term or geographic name as entry element Heat transfer
942 ## - ADDED ENTRY ELEMENTS (KOHA)
Koha item type General Book
Holdings
Koha normalized classification for sorting Not for loan Price effective from Sublocation or collection (holding branch) Location (home branch) Koha out on loan Date acquired Koha date last borrowed Koha date last seen Piece designation (barcode) Koha issues (times borrowed) Source of classification or shelving scheme Shelving location Copy number Withdrawn status Damaged status Koha full call number Koha item type Lost status
621_011000000000000_HOL_1997 2014-11-03Central Library, BUETCentral Library, BUET2025-05-112014-11-032025-04-272025-04-27924503 Circulation section1  621.011/HOL/1997General Book 
621_011000000000000_HOL_1997 2014-11-03Central Library, BUETCentral Library, BUET 2014-11-03 2014-11-0392452  Circulation section2  621.011/HOL/1997General Book 
621_000000000000000_011HOL1997 2014-11-03Central Library, BUETCentral Library, BUET 2014-11-03 2016-07-3092453  Circulation section3  621.011/HOL/1997General Book 
621_000000000000000_011HOL1997 2014-11-03Central Library, BUETCentral Library, BUET 2014-11-032022-01-092022-06-08924541 Circulation section4  621.011/HOL/1997General Book 
621_000000000000000_011HOL1997 2014-11-03Central Library, BUETCentral Library, BUET 2014-11-032024-10-022024-10-28924552 Circulation section5  621.011/HOL/1997General Book 
621_000000000000000_011HOL1997 2014-11-03Central Library, BUETCentral Library, BUET 2014-11-032023-12-102024-08-31924573 Circulation section6  621.011/HOL/1997General Book 
621_000000000000000_011HOL1997 2014-11-03Central Library, BUETCentral Library, BUET 2014-11-03 2014-11-0392459  Circulation section7  621.011/HOL/1997General Book 
621_011000000000000_HOL_1997 2014-11-03Central Library, BUETCentral Library, BUET 2014-11-032024-03-122024-08-28924601 Circulation section8  621.011/HOL/1997General Book 
621_000000000000000_011HOL1997 2014-11-03Central Library, BUETCentral Library, BUET 2014-11-032024-04-082024-06-22924611 Circulation section9  621.011/HOL/1997General Book 
621_000000000000000_011HOL1997 2014-11-03Central Library, BUETCentral Library, BUET 2014-11-032024-12-102025-03-12924625 Circulation section10  621.011/HOL/1997General Book 
621_000000000000000_011HOL1997 2014-11-03Central Library, BUETCentral Library, BUET 2014-11-032015-03-042017-05-03924641 Circulation section11  621.011/HOL/1997General Book 
621_000000000000000_011HOL1997 2014-11-03Central Library, BUETCentral Library, BUET 2014-11-032019-06-172019-07-10924653 Circulation section12  621.011/HOL/1997General Book 
621_000000000000000_011HOL1997 2014-11-03Central Library, BUETCentral Library, BUET 2014-11-032022-05-242022-06-08924663 Circulation section13  621.011/HOL/1997General Book 
621_011000000000000_HOL_1997 2015-04-12Central Library, BUETCentral Library, BUET 2015-04-12 2015-04-1292468  Circulation section14  621.011 HOL/1997General Book 
621_011000000000000_HOL_1997 2015-07-02Central Library, BUETCentral Library, BUET 2015-07-02 2015-07-0292447  Reading section15  621.011/HOL/1997Reading Item 
621_011000000000000_HOL_1997 2015-07-09Central Library, BUETCentral Library, BUET 2015-07-09 2015-07-0992446  Reading section16  621.011/HOL/1997Reading Item